Statistics for Billy Joel Lyrics Quiz (Part 115)

Click here to take the quiz!

General Stats

  • This quiz has been taken 14 times
  • The average score is 181 of 244

Answer Stats

Answer% Correct
a
100%
can
100%
do
100%
have
100%
in
100%
the
100%
The
100%
to
100%
you
100%
You
100%
your
100%
As
91%
But
91%
don’t
91%
for
91%
her
91%
is
91%
love
91%
need
91%
on
91%
see
91%
She
91%
she
91%
that
91%
want
91%
wants
91%
When
91%
know
82%
more
82%
so
82%
Then
82%
there
82%
what
82%
with
82%
With
82%
you’re
82%
been
73%
believe
73%
gives
73%
got
73%
It’s
73%
leave
73%
once,
73%
says
73%
She’s
73%
some
73%
bleed
64%
bleedin’
64%
blood
64%
‘Cause
64%
cuts
64%
deep
64%
down
64%
even
64%
good
64%
kill
64%
left
64%
mind
64%
much
64%
needs
64%
nothing
64%
out,
64%
stand
64%
stiletto
64%
still
64%
twice
64%
up
64%
won’t
64%
away
55%
back
55%
blade
55%
comes
55%
face
55%
gonna
55%
hard,
55%
insides
55%
knife
55%
pain
55%
really
55%
run
55%
stay
55%
strength
55%
taste
55%
you’ve
55%
You’ve
55%
affection
45%
bought,
45%
door
45%
forgiveness
45%
life
45%
outside
45%
pleadin’
45%
skill
45%
sold
45%
such
45%
wound
45%
clever
36%
cutting
36%
fresh
36%
keeps
36%
locked
36%
masquerade
36%
searches
36%
slashed
36%
waiting
36%
While
36%
carves
27%
fascinating
27%
vein
27%

Score Distribution

Percentile by Number Answered

Percent of People with Each Score

Your Score History

You have not taken this quiz